00775 2200229 4500001002100000005001700021008004100038035002500079040001200104082001500116084002000131100002400151245011300175260007300288300003100361500006700392504002800459650001700487700001100504850001200515990001800527INLIS00000000000992220150812144620.0  a0010-081500000001360 aYOPDYOG 223a297.74 aSK 297.74 Ahm D aAHMAD Andris Bahari aDiscovery aproach dalam dakwah islam pada lembaga sinergi leadership center yogykartac/ Ahmad Andris Bahari aYogyakartabUniversitas Islam Negeri Sunan Kalijaga Yogyakartac2006 aviii, 78 lembarc; 29,5 cm aSkripsi Jurusan Komunikasi dan Penyiaran Islam Faklutas Dakwah aBibliografi: hlm. 76-78 aDakwah Islam aKHADIQ aYOPDYOG a47968-PD/A.15